|
|
|
|
| LEADER |
00000cam a2200000 a 4500 |
| 001 |
vtls001310643 |
| 003 |
SK-MaSNL |
| 005 |
20260301155809.0 |
| 008 |
240322s1997 xo gr 000 fdslo |
| 015 |
|
|
|a SNBA1998/03-01019
|
| 020 |
|
|
|a 8022008176
|q (viazané)
|
| 035 |
|
|
|a SNK000262997
|
| 040 |
|
|
|a SNK
|b slo
|c SNK
|e AACR2
|
| 041 |
0 |
|
|a slo
|
| 044 |
|
|
|a xo
|c SK
|
| 072 |
|
7 |
|a 821.162.4-3
|x Slovenská próza
|2 konspekt
|
| 080 |
|
|
|a 821.162.4-31
|2 2011
|
| 100 |
1 |
|
|a Pankovčín, Václav,
|d 1968-1999
|4 aut
|9 13244
|
| 245 |
1 |
0 |
|a Polárny motýľ
|b (priestor 3x4)
|c Václav Pankovčín
|
| 250 |
|
|
|a 1. vydanie
|
| 260 |
|
|
|a Bratislava
|b Slovenský spisovateľ
|c 1997
|
| 300 |
|
|
|a 131 s.
|c 21 cm
|
| 655 |
|
7 |
|a slovenské romány
|2 SNKPH
|9 70324
|
| 655 |
|
7 |
|a Slovak fiction
|2 SNKPHeng
|9 277096
|
| 919 |
|
|
|a 80-220-0817-6
|
| 954 |
|
|
|a beletria pôvodná (slovenská)
|2 lita
|
| 958 |
|
|
|a EUIPO
|
| 958 |
|
|
|a OND
|
| 958 |
|
|
|a LX
|
| 999 |
|
|
|c 802713
|d 804643
|
| 952 |
|
|
|a SNK
|b SNK
|y PREZ
|7 0
|p 17A1345970
|o snkSC 94481
|i snkKSP 11498/97
|0 0
|1 0
|4 0
|d 1997-11-18
|l 0
|r 2025-09-12 00:00:00
|w 2026-02-24
|
| 952 |
|
|
|a SNK
|b SNK
|y PREZ
|7 0
|p 17A0108232
|o snkSC 94481 D1
|i snkKSP 11974/97
|0 0
|1 0
|4 0
|d 1997-12-03
|f 1
|l 0
|r 2005-01-02 00:00:00
|w 2026-02-24
|